Gur Balam Sakhian: (Record no. 20122)

MARC details
000 -LEADER
fixed length control field 00842nam a22002177a 4500
008 - FIXED-LENGTH DATA ELEMENTS--GENERAL INFORMATION
fixed length control field 081222t xxu||||| |||| 00| 0 eng d
010 ## - LCCN (DPL NO)
LC control number ENG-92251
020 ## - INTERNATIONAL STANDARD BOOK NUMBER
Terms of availability 100.00
035 ## - SYSTEM CONTROL NUMBER
System control number EN-75784
037 ## - SOURCE OF ACQUISITION
Source of stock number/acquisition DBAD / PUB
040 ## - CATALOGING SOURCE
Original cataloging agency dpl
Language of cataloging English
082 ## - DEWEY DECIMAL CLASSIFICATION NUMBER
Classification number 260.44
100 ## - MAIN ENTRY--PERSONAL NAME
Personal name Bhai Vir Singh
245 ## - TITLE STATEMENT
Title Gur Balam Sakhian:
Statement of responsibility, etc by Bhai Sahib Bhai Vir Singh; translated by M.L. Mongia
Remainder of title stories of beloved Guru Nanak /
260 ## - PUBLICATION, DISTRIBUTION, ETC. (IMPRINT)
Name of publisher, distributor, etc Bhai Vir Singh Sahitya Sadan
Place of publication, distribution, etc New Delhi
Date of publication, distribution, etc 2007
270 ## - ADDRESS
Address Bhai Vir Singh Marg,
City New Delhi
Postal code 110001
300 ## - PHYSICAL DESCRIPTION
Extent 207p.
Dimensions 21cm (pbk)
700 ## - ADDED ENTRY--PERSONAL NAME
Personal name Mongia, M.L.
942 ## - ADDED ENTRY ELEMENTS (KOHA)
Source of classification or shelving scheme Dewey Decimal Classification
Item type English Books
Call number suffix BHA
Classification part 260.44
Holdings
Withdrawn status Lost status Source of classification or shelving scheme Damaged status Not for loan Collection code Home library Current library Date acquired Source of acquisition Cost, normal purchase price Total Checkouts Full call number Barcode Date last seen Copy number Cost, replacement price Koha item type
    Dewey Decimal Classification   Not For Loan Non-fiction D.B.Act.Division D.B.Act.Division 01/01/2009 DBAD / PUB 100.00   260.44 BHA EN-75784 22/12/2008 1 100.00 English Books

© Delhi Public Library
Hit Counter
free hit counter